000 00717nam a2200241Ia 4500
005 20260430150359.0
008 008 250103s9999 xx 000 0 eng d
037 _aTheses
040 _aCRL
040 _beng
040 _ceng
041 _2eng
041 _aeng
084 _qCRL
100 _aJain Akansha Au.; Jha P.C. Gu.; Ramanathan Usha Gu.
_91237322
245 0 _aMathematical Models for Strategic Transition Towards Omni-Channel Retailing: A Study from Indian Perspective
260 _c2023
300 _a239p.
650 _aOperations Research
700 _aUniversity of Delhi. Faculty of Mathematical Sciences. Deptt. of Operational Research
942 _cTH
999 _c1849646
_d1849646